[Event "Open"]
[Site "Novy Bor CZE"]
[Date "2010.02.16"]
[Round "5"]
[White "Strzelczyk,A"]
[Black "Braun,Mare"]
[Result "0-1"]
[WhiteElo "1910"]
[BlackElo "2122"]

1.e4 c5 2.Nf3 e6 3.d4 cxd4 4.Nxd4 a6 5.Nc3 Qc7 6.Bd3 Nf6 7.O-O Be7 8.Qe2 d6
9.Kh1 Nc6 10.Nxc6 bxc6 11.f4 d5 12.e5 Nd7 13.Bd2 c5 14.Qg4 g6 15.Be2 Bb7
16.Bf3 O-O-O 17.Qg3 h5 18.Qf2 Kb8 19.Na4 Bc6 20.b3 Bxa4 21.bxa4 c4 22.Rab1+ Ka8
23.Bb4 Bc5 24.Qd2 Rb8 25.Qc3 Bxb4 26.Rxb4 Rxb4 27.Qxb4 Qc5 28.a3 Rb8 29.Qc3 Ka7
30.Rd1 Nb6 31.a5 Na4 32.Qe1 Rb2 33.Rb1 Qxa5 34.Qg1+ Qb6 35.Rxb2 Qxg1+ 36.Kxg1 Nxb2
37.Kf2 Kb6 38.Ke3 Kc5 39.g4 hxg4 40.Bxg4 d4+ 41.Ke2 c3 42.h4 d3+ 43.cxd3 Kd4
44.h5 gxh5 45.Bxh5 Nxd3 46.Bxf7 c2  0-1

[Event "TCh-Eur Seniors"]
[Site "Dresden GER"]
[Date "2010.02.17"]
[Round "8"]
[White "Arp,F"]
[Black "Boehlig,H"]
[Result "1-0"]
[WhiteElo "2089"]
[BlackElo "2242"]

1.e4 c5 2.Nf3 e6 3.d4 cxd4 4.Nxd4 a6 5.Nc3 Qc7 6.Bd3 Nc6 7.Nxc6 dxc6 8.O-O e5
9.Kh1 Nf6 10.f4 Bc5 11.Qe1 O-O 12.fxe5 Ng4 13.Bf4 Nxe5 14.Qg3 Bd6 15.Rad1 f6
16.Bc4+ Nxc4 17.Rxd6 Qf7 18.b3 Nxd6 19.Bxd6 Re8 20.e5 Qg6 21.exf6 gxf6 22.Rxf6 Qxg3
23.hxg3 b5 24.Rf4 Be6 25.Ne4 Red8 26.Nf6+ Kg7 27.Be7 Rd1+ 28.Kh2 Re1 29.Ne4 Bd5
30.Bf6+ Kg6 31.Rg4+ Kf5 32.Rg5+ Ke6 33.Re5+ Kf7 34.Nd6+ Kxf6 35.Rxe1 Rd8
36.Nb7 Rg8 37.Nc5 a5 38.Nd7+ Kf7 39.c4 bxc4 40.Ne5+ Kf6 41.bxc4 Be6 42.a3 Rg5
43.Nxc6 Bxc4 44.Re4 Rc5 45.Nd4 Bd5 46.Rh4 Rc3 47.a4 Rd3 48.Nf3 Ra3 49.Rf4+ Kg7
50.Nd4 Kg6 51.Rf5 Be4 52.Rxa5 Ra2 53.Ra6+ Kf7 54.Kh3 Bxg2+ 55.Kh4 Rb2 56.Kg5 Be4
57.Ra7+ Ke8 58.g4 Rb4 59.Ne6 Bf3 60.Kf6  1-0

[Event "TCh-Eur Seniors"]
[Site "Dresden GER"]
[Date "2010.02.17"]
[Round "8"]
[White "Schroeter,He"]
[Black "Ulker,A"]
[Result "1/2-1/2"]
[WhiteElo "2110"]
[BlackElo "2115"]

1.e4 c5 2.Nf3 e6 3.d4 cxd4 4.Nxd4 a6 5.Nc3 Qc7 6.Be2 Nf6 7.O-O Bb4 8.Qd3 Nc6
9.Bd2 O-O 10.Kh1 Bxc3 11.Bxc3 Ne5 12.Qe3 Nc4 13.Qg3 Qxg3 14.hxg3  1/2-1/2

[Event "Brazil Open"]
[Site "Rio de Janeiro BRA"]
[Date "2010.02.19"]
[Round "1"]
[White "Chiari,A"]
[Black "Cramling,D"]
[Result "0-1"]
[WhiteElo "1886"]
[BlackElo "2408"]

1.e4 c5 2.Nf3 e6 3.d4 cxd4 4.Nxd4 a6 5.Nc3 Qc7 6.Bd3 Nf6 7.O-O Bc5 8.Nb3 Be7
9.Qe2 d6 10.Be3 b5 11.a3 Bb7 12.f4 Nbd7 13.f5 e5 14.Rad1 Rc8 15.Qf3 Nb6 16.Bxb6 Qxb6+
17.Kh1 h5 18.Qf2 Bd8 19.Qxb6 Bxb6 20.Be2 Ke7 21.Bf3 Rc4 22.Be2 Rxc3 23.bxc3 Nxe4
24.Bf3 h4 25.Bxe4 Bxe4 26.Nd2 Bxc2 27.Rde1 Rh5 28.Ne4 f6 29.g4 hxg3 30.Nxg3 Bb3  0-1

[Event "Brazil Open"]
[Site "Rio de Janeiro BRA"]
[Date "2010.02.20"]
[Round "3"]
[White "Bil,A"]
[Black "Cramling,D"]
[Result "1/2-1/2"]
[WhiteElo "2152"]
[BlackElo "2408"]

1.e4 c5 2.Nf3 e6 3.d4 cxd4 4.Nxd4 a6 5.Nc3 Qc7 6.Bd3 Nf6 7.Be3 Bc5 8.O-O d6
9.Qe2 Nc6 10.Nxc6 Bxe3 11.Qxe3 bxc6 12.f3 Qa7 13.Qxa7 Rxa7 14.Rae1 Nd7 15.Na4 Bb7
16.Rd1 Ke7 17.Rf2 c5 18.Rfd2 Bc6 19.Nc3 Nb8 20.Be2 Rd7 21.f4 Rhd8 22.Bf3 Rb7
23.b3 a5 24.Be2 Rb6 25.Kf2 g6 26.g4 h6 27.h4 Rd7 28.Ke3 Na6 29.f5  1/2-1/2

[Event "14th Open"]
[Site "Guingamp-Pabu FRA"]
[Date "2010.02.21"]
[Round "3"]
[White "Jakubowski,K"]
[Black "Peyre,T"]
[Result "1-0"]
[WhiteElo "2502"]
[BlackElo "2054"]

1.e4 c5 2.Nf3 e6 3.d4 cxd4 4.Nxd4 a6 5.Nc3 Qc7 6.Be2 Bb4 7.O-O Nf6 8.Bf3 Nc6
9.Nxc6 dxc6 10.Be3 e5 11.Na4 Be6 12.a3 Bd6 13.c4 Nd7 14.c5 Be7 15.Qc2 Rd8
16.b4 O-O 17.Be2 Rfe8 18.Nb2 Nf8 19.Nc4 Bxc4 20.Bxc4 Bf6 21.Rad1 Ne6 22.Rxd8 Qxd8
23.g3 Qc8 24.Qa2 Rd8 25.Kh1 Qd7 26.f4 Qe7 27.Qg2 Rd7 28.Qh3 Nd4 29.fxe5 Qxe5
30.Qxd7 Qxe4+ 31.Kg1 Qxe3+ 32.Kg2 Qe4+ 33.Kh3 h6 34.Rxf6  1-0

[Event "Brazil Open"]
[Site "Rio de Janeiro BRA"]
[Date "2010.02.21"]
[Round "5"]
[White "Ferreira,K"]
[Black "Mascarenhas,Alb"]
[Result "0-1"]
[WhiteElo "2112"]
[BlackElo "2238"]

1.e4 c5 2.Nc3 e6 3.Nf3 a6 4.d4 cxd4 5.Nxd4 Qc7 6.g3 Bb4 7.Ne2 b5 8.Bg2 Bb7
9.O-O Bc5 10.Bf4 e5 11.Nd5 Qd6 12.Be3 Bxd5 13.Bxc5 Qxc5 14.exd5 Nf6 15.Qd3 O-O
16.c3 d6 17.h3 Nbd7 18.Rad1 Nb6 19.b3 Rae8 20.Qe3 Rc8 21.Qd2 Rfe8 22.c4 bxc4
23.Rc1 e4 24.Rfd1 e3 25.fxe3 Qxe3+ 26.Qxe3 Rxe3 27.Kf2 Rce8 28.Nc3 cxb3 29.axb3 Kf8
30.Rd4 a5 31.Rd2 R3e5 32.Ra1 Ra8 33.Rd4 Ke7 34.Rdd1 Rc8 35.Rd3  0-1

[Event "ch-IND National Teams"]
[Site "Gurgaon IND"]
[Date "2010.02.22"]
[Round "2"]
[White "Roy Chowdhury,S"]
[Black "Himanshu,Sh"]
[Result "1/2-1/2"]
[WhiteElo "2413"]
[BlackElo "2457"]

1.e4 c5 2.Nf3 e6 3.Nc3 a6 4.d4 cxd4 5.Nxd4 b5 6.Bd3 Bb7 7.O-O Qc7 8.Be3 Nf6
9.a3 d5 10.exd5 Nxd5 11.Nxd5 Bxd5 12.Re1 Nd7 13.a4 b4 14.Bg5 Bd6 15.Qh5 Be5
16.Qh4 h6 17.Be3 g5 18.Qh5 Nf6 19.Qe2 Bxh2+ 20.Kh1 h5 21.Nf3 Ng4 22.Bd4 O-O
23.Be4 Rfd8 24.a5 Rd7 25.Bb6 Qf4 26.Bxd5 Rxd5 27.Rad1 Qd6 28.Rxd5  1/2-1/2

[Event "18th Fajr Open"]
[Site "Mashhad IRI"]
[Date "2010.02.23"]
[Round "6"]
[White "Hosseinzadeh,N"]
[Black "Ghaem Maghami,E"]
[Result "0-1"]
[WhiteElo "2293"]
[BlackElo "2589"]

1.e4 c5 2.Nf3 e6 3.d4 cxd4 4.Nxd4 a6 5.Nc3 Qc7 6.Be2 Nf6 7.O-O Be7 8.f4 d6
9.Be3 Nc6 10.a4 O-O 11.Kh1 Nd7 12.Bf3 Re8 13.Qe1 Bf6 14.Rd1 Rb8 15.Qg3 Nxd4
16.Bxd4 Bxd4 17.Rxd4 Qb6 18.Rfd1 Qxb2 19.Be2 b5 20.axb5 axb5 21.Rb1 Qa3 22.Nxb5 Qc5
23.Qd3 Ba6 24.c4 Nf6 25.Bf3 d5 26.e5 dxc4 27.Qxc4 Qxc4 28.Rxc4 Rxb5 29.Rxb5 Bxb5
30.Rb4 Rc8 31.h3 Rc5 32.exf6 gxf6 33.Kg1 Kf8 34.Kf2 Ke7 35.Rb2 e5 36.g3 Ke6
37.Rb3 Kf5 38.Ke3 Ke6 39.Bg2 h6 40.Bf3 Kd6 41.Bg2 f5 42.fxe5+ Kxe5 43.Bf3 Ba4
44.Ra3 Rc4 45.Kd3 Rd4+ 46.Ke3 f4+ 47.gxf4+ Rxf4 48.Rc3 Rb4 49.Rc5+ Kf6 50.Kf2 Bd7
51.Kg3 Rb3 52.Rd5 Rxf3+ 53.Kg2  0-1

[Event "Masters B"]
[Site "Nancy FRA"]
[Date "2010.02.23"]
[Round "3"]
[White "Stets,D"]
[Black "Taddei,B"]
[Result "1-0"]
[WhiteElo "2444"]
[BlackElo "2295"]

1.e4 c5 2.Nc3 a6 3.Nge2 e6 4.d4 cxd4 5.Nxd4 Qc7 6.Bd3 Nc6 7.Be3 Nf6 8.O-O Ne5
9.h3 Bc5 10.Kh1 d6 11.Qe1 Bd7 12.Nb3 Bxe3 13.Qxe3 b5 14.f4 Nxd3 15.cxd3 Bc6
16.Rac1 Rc8 17.Nd5 Qb8 18.Nb4 Bd7 19.e5 dxe5 20.fxe5 Nd5 21.Nxd5 exd5 22.Nc5 Qa7
23.Rxf7 Rxc5 24.e6 Rxc1+ 25.Qxc1 Qb6 26.Rxd7 O-O 27.e7 Re8 28.Qg5 Qe6 29.Rd8 Kf7
30.Rxe8 Kxe8 31.Qxg7 Kd7 32.d4 Qe2 33.Qf7  1-0

[Event "ch-IND National Teams"]
[Site "Gurgaon IND"]
[Date "2010.02.24"]
[Round "5"]
[White "Lahiri,A"]
[Black "Maheswaran,P"]
[Result "0-1"]
[WhiteElo "2379"]
[BlackElo "2355"]

1.e4 c5 2.Nc3 a6 3.Nf3 e6 4.d4 cxd4 5.Nxd4 Qc7 6.Bd3 Nf6 7.f4 b5 8.Qe2 Bb7
9.Bd2 Be7 10.e5 b4 11.exf6 bxc3 12.fxe7 cxd2+ 13.Qxd2 Nc6 14.Nxc6 Bxc6 15.O-O Qd6
16.f5 e5 17.Qg5 Qf6 18.Qg4 Qxe7 19.Qxg7 O-O-O 20.Bxa6+ Kc7 21.Rf2 Rhg8 22.Qh6 Bxg2
23.Be2 Qc5 24.Qh4 Qe3 25.Qc4+ Bc6+ 26.Kf1 Rg5 27.Bg4 Rdg8 28.Re1 Qd4 29.Qxd4 exd4
30.Re7 Rxg4 31.Rxf7 Re8 32.Rd2 Rf4+ 33.Rf2 Bb5+ 34.Kg1 Rg8+  0-1

[Event "ch-IND National Teams"]
[Site "Gurgaon IND"]
[Date "2010.02.24"]
[Round "5"]
[White "Satyapragyan,S"]
[Black "Kunte,A"]
[Result "1/2-1/2"]
[WhiteElo "2480"]
[BlackElo "2528"]

1.e4 c5 2.Nf3 e6 3.d4 cxd4 4.Nxd4 a6 5.Nc3 Qc7 6.Bd3 Nc6 7.Nxc6 dxc6 8.O-O e5
9.f4 Nf6 10.Kh1 Bd6 11.f5 Bc5 12.Bg5 b5 13.a4 Bb7 14.Qe2 Rb8 15.Rf3 h6 16.Bxf6 gxf6
17.axb5 axb5 18.Rg3 Ke7 19.Qh5 Bb6 20.Ne2 Qd7 21.Rd1 Rbd8 22.Nc3 Qc7 23.Rf1 Qd7
24.Rd1 Bd4 25.Rb1 Bf2 26.Rf3 Bb6 27.Rg3 Bd4 28.Ne2 Bf2 29.Rf3 Bb6 30.Rg3 c5
31.Rg7 Rhf8 32.b3 Ba5 33.h3 Qc6 34.Ng3 Bc3 35.Nf1 Bd4 36.Ng3 Ba8 37.Rf1 c4
38.bxc4 bxc4 39.Be2 Be3 40.Qf3 Bf4  1/2-1/2

[Event "18th Fajr Open"]
[Site "Mashhad IRI"]
[Date "2010.02.24"]
[Round "8"]
[White "Sedaghati,M"]
[Black "Grabliauskas,V"]
[Result "0-1"]
[WhiteElo "2123"]
[BlackElo "2422"]

1.e4 c5 2.Nf3 e6 3.d4 cxd4 4.Nxd4 a6 5.Nc3 Qc7 6.Bd3 Nc6 7.Nxc6 bxc6 8.O-O d5
9.Be3 Nf6 10.f4 c5 11.exd5 exd5 12.Qe1 Be7 13.Nd1 Bb7 14.c3 O-O 15.Nf2 d4
16.cxd4 cxd4 17.Bc1 Qd7 18.Bd2 Qd5 19.Ne4 Nxe4  0-1

[Event "18th Fajr Open"]
[Site "Mashhad IRI"]
[Date "2010.02.24"]
[Round "8"]
[White "Harutjunyan,G"]
[Black "Kowsarinia,A"]
[Result "1-0"]
[WhiteElo "2475"]
[BlackElo "2100"]

1.e4 c5 2.Nc3 e6 3.Nf3 a6 4.d4 cxd4 5.Nxd4 Qc7 6.g3 Bb4 7.Bd2 Bc5 8.Nb3 Be7
9.Bg2 Nf6 10.O-O Nc6 11.f4 d6 12.a4 b6 13.Qe2 Bb7 14.Be3 O-O 15.g4 Rfd8 16.g5 Nd7
17.Nc1 Na5 18.Nd3 Nc4 19.Bc1 d5 20.e5 b5 21.Nd1 Nc5 22.N1f2 d4 23.Ng4 Bf8
24.Rf2 Bxg2 25.Rxg2 Qc6 26.b3 Nb6 27.Ba3 Nxd3 28.Qxd3 Nd5 29.Nh6+ gxh6 30.gxh6+ Kh8
31.Rg8+ Kxg8 32.Qg3+  1-0

[Event "18th Fajr Open"]
[Site "Mashhad IRI"]
[Date "2010.02.25"]
[Round "9"]
[White "Kiani,K"]
[Black "Akbari Zahmati,Hamidreza"]
[Result "1-0"]
[WhiteElo "1757"]
[BlackElo "2095"]

1.e4 c5 2.Nf3 e6 3.d4 cxd4 4.Nxd4 a6 5.Nc3 Qc7 6.Be2 Nf6 7.Bf3 d6 8.O-O Be7
9.Bg5 Nbd7 10.Re1 O-O 11.a4 Ne5 12.Be2 Nc4 13.Bxc4 Qxc4 14.Qd3 Qxd3 15.cxd3 Bd7
16.Rec1 Rfc8 17.Kf1 h6 18.Be3 Ng4 19.Ke2 Nxe3 20.fxe3 g6 21.Nf3 Bf6 22.Nd2 b5
23.axb5 axb5 24.d4 b4 25.Nd1 Bb5+ 26.Ke1 Kf8 27.Nb3 Bd8 28.Rxc8 Rxc8 29.Kd2 Ke7
30.Nf2 Bc4 31.Nc1 d5 32.b3 Bf1 33.g3 Kf8 34.e5 Be7 35.Ra2 h5 36.Rc2 Ra8 37.Ra2 Rc8
38.Rc2 Ra8 39.Ra2 Rb8 40.Ra1 Rc8 41.Nd1 Ke8 42.Ra7 Bh3 43.Nd3 Rb8 44.N1b2 Bf5
45.Rc7 Kd8 46.Rc1 Ra8 47.Na4 Bxd3 48.Kxd3 Ra6 49.h4 Kd7 50.Rf1 Ke8 51.Rc1 Ra7
52.Rf1 Rc7 53.Kd2 Ra7 54.Kd3 Rc7 55.Kd2 Bf8 56.Rc1 Ra7 57.Rc8+ Ke7 58.Rb8 Rc7
59.Rxb4 f6 60.exf6+ Kxf6 61.Rb6 Kf5 62.b4 Ra7 63.Nc5 Ra2+ 64.Kd3 Ra3+ 65.Ke2 Kg4
66.Rxe6 Kxg3 67.Rxg6+ Kxh4 68.Kf3 Be7 69.Rg1 Ra2 70.b5 Rh2 71.Nd3 Rh3+ 72.Kf4 Bd6+
73.Ne5 Rh2 74.Kf3 Rh3+ 75.Kf4 Rh2 76.Kf3 Rh3+ 77.Kf2 Rh2+ 78.Rg2 Rh1 79.Nd7 Rb1
80.b6 Bg3+ 81.Rxg3  1-0

[Event "48th XtraCon TCh-DEN 2009-10"]
[Site "Denmark DEN"]
[Date "2010.03.02"]
[Round "7"]
[White "Sorensen,Jan1"]
[Black "Glud,J"]
[Result "1/2-1/2"]
[WhiteElo "2423"]
[BlackElo "2481"]

1.e4 c5 2.Nf3 e6 3.d4 cxd4 4.Nxd4 a6 5.Nc3 b5 6.Bd3 Bb7 7.O-O Nc6 8.Nxc6 Bxc6
9.Qe2 Bc5 10.a4 b4 11.Nd5 Ne7 12.Be3 Bxe3 13.Nxe3 Ng6 14.f4 Qb6 15.Kh1 Qc5
16.f5 Ne5 17.Bxa6 O-O 18.Nc4 Nxc4 19.Bxc4 Rxa4 20.Rxa4 Bxa4 21.f6 gxf6 22.Rxf6 Qg5
23.Rf1 Bc6 24.Bd3 Qe5 25.b3 Ra8 26.Qe1 Qc3 27.Qf2 f6 28.h3 Ra1 29.Qg3+ Kf7
30.Rxa1 Qxa1+ 31.Kh2 Qd4 32.Qh4 Qe5+ 33.Kg1 h5 34.Kf1 Ke7 35.Qe1 Qc5 36.h4 Qd4
37.Qe2 Qa1+ 38.Kf2 Qe5 39.g3 Qc5+ 40.Qe3 Qe5 41.Qb6 Qc3 42.Ke2 Kf7 43.Qa5 Kg6
44.Qd8 Kf7 45.Qa5 Kg6 46.Qd8 Kf7 47.Qa5  1/2-1/2

[Event "48th XtraCon TCh-DEN 2009-10"]
[Site "Denmark DEN"]
[Date "2010.03.03"]
[Round "9"]
[White "Andersen,So2"]
[Black "Carstensen,J"]
[Result "1-0"]
[WhiteElo "2082"]
[BlackElo "2317"]

1.e4 c5 2.Nf3 e6 3.d4 cxd4 4.Nxd4 a6 5.Nc3 Qc7 6.Bd3 Nf6 7.O-O Bc5 8.Nb3 Ba7
9.Kh1 b5 10.a3 Bb7 11.Qe2 Nc6 12.f4 d6 13.Be3 Bxe3 14.Qxe3 O-O-O 15.a4 b4
16.Na2 d5 17.e5 Nd7 18.a5 g5 19.fxg5 Ndxe5 20.Nc5 Qxa5 21.Nxb7 Kxb7 22.Nc3 Qb6
23.Bxa6+ Kc7 24.Nb5+  1-0

[Event "26th ChessOrg Schachfestival"]
[Site "Bad Woerishofen GER"]
[Date "2010.03.09"]
[Round "4"]
[White "Rahls,P"]
[Black "Mack,T"]
[Result "1/2-1/2"]
[WhiteElo "2255"]
[BlackElo "2079"]

1.e4 e6 2.d4 c5 3.Nf3 cxd4 4.Nxd4 a6 5.Nc3 Nc6 6.Be3 Qc7 7.Be2 Nf6 8.a3 Be7
9.O-O O-O 10.f4 d6 11.Kh1 Bd7 12.Nxc6 Bxc6 13.Bd3 b5 14.Qe2 Qb7 15.Bg1 Nd7
16.Rae1 Bf6 17.Nd1 g6 18.c3 Bg7 19.Bf2 Rae8 20.Bg3 Nc5 21.Bc2 f5 22.Nf2 d5
23.e5 d4 24.Rg1 dxc3 25.bxc3 Rf7 26.Qe3 Bf8  1/2-1/2

[Event "ch-BUL U20 Girls"]
[Site "Sofia BUL"]
[Date "2010.03.09"]
[Round "2"]
[White "Sirkova,D"]
[Black "Todorova,K"]
[Result "0-1"]
[WhiteElo "2084"]
[BlackElo "1786"]

1.e4 c5 2.Nc3 e6 3.Nf3 a6 4.d4 cxd4 5.Nxd4 Nc6 6.Be3 Qc7 7.Qd2 Nf6 8.f3 Be7
9.O-O-O O-O 10.g4 b5 11.g5 b4 12.Nce2 Ne8 13.Kb1 Bb7 14.h4 Ne5 15.Nc1 d5
16.exd5 Bxd5 17.Bf4 Bd6 18.Bxe5 Bxe5 19.Qxb4 Bxf3 20.Nxf3 Rb8 21.Qxb8 Qxb8
22.Nxe5 Qxe5 23.Bxa6 Nc7 24.Bc4 Qc5 25.Bb3 Nb5 26.Ne2 Nd6 27.h5 Ne4 28.g6 Nf2
29.gxf7+ Kh8 30.Nf4 Nxh1 31.Rxh1 Rxf7 32.Ng6+ Kg8 33.Bxe6 Qf2 34.Ne5 Qe2
35.Bxf7+ Kf8 36.Bc4 Qxe5 37.Rf1+ Ke8 38.a4 Qc5 39.Bb5+ Ke7 40.Re1+ Kf6 41.h6 gxh6
42.Bd3 Qb4 43.Rf1+ Kg7 44.Rg1+ Kf7 45.b3 h5 46.Bxh7 h4 47.Bg8+ Kf6 48.Bc4 Qc3
49.Bd3 Ke5 50.Ka2 Kf4 51.Rg8 h3 52.Rf8+ Ke3 53.Re8+ Kd2 54.Kb1 Qc6 55.Re2+ Kc3
56.Be4 Qd6 57.Re3+ Kb4 58.Rxh3 Ka3 59.Rd3 Qe5 60.b4+ Kxb4 61.Bc6 Qe1+ 62.Kb2 Kc5
63.Rc3+ Kb4 64.Rd3 Kc5 65.Rc3+ Kb4 66.Rb3+ Kc5 67.Bf3 Qe5+ 68.Ka2 Qf4 69.Ka3 Qc1+
70.Rb2  0-1

[Event "XIV Vasconcellos Mem"]
[Site "Brasilia BRA"]
[Date "2010.03.10"]
[Round "3"]
[White "Rodi,L"]
[Black "Aguiar,L"]
[Result "1-0"]
[WhiteElo "2311"]
[BlackElo "2059"]

1.e4 c5 2.Nc3 e6 3.Nf3 a6 4.d4 cxd4 5.Nxd4 Qc7 6.Be3 Nf6 7.f3 Bb4 8.Qd2 d5
9.exd5 Nxd5 10.Nde2 O-O 11.Bf2 Rd8 12.O-O-O Rd7 13.Qe1 Qa5 14.Rd3 Nc6 15.a3 Ne5
16.Rd4 Bc5 17.Re4 Bxf2 18.Qxf2 f5 19.Ra4 Qc7 20.Qh4 b5 21.Rd4 Nxc3 22.Nxc3 Rxd4
23.Qxd4 Bb7 24.Be2 Rd8 25.Qf2 Nc6 26.Qe3 Qe5 27.Qxe5 Nxe5 28.Re1 Ng6 29.g3 Kf7
30.f4 Kf6 31.Bh5 Nf8 32.a4 b4 33.Na2 a5 34.Re5 Bd5 35.Kb1 g6 36.Be2 Nd7 37.Re3 Nc5
38.b3 Be4 39.Kc1 Rc8 40.Kb2 Rd8 41.Kc1 g5 42.Bf3 gxf4 43.gxf4 Rg8 44.Bd1 Rg1
45.Rh3 e5 46.fxe5+ Kxe5 47.Kd2 f4 48.Rh5+ Kd4 49.c3+ bxc3+ 50.Nxc3 Rxd1+
51.Nxd1 Nxb3+ 52.Ke1 Nc5 53.Nf2 Bg6 54.Rg5 Bc2 55.Rg7 Bxa4 56.Ra7 Nb3 57.Rxh7 Bc6
58.Rc7 Kc5 59.h4 Kb6 60.Rf7 a4 61.Rxf4 Ka5 62.Nd1 a3 63.Nc3 Nc5 64.Kd2 Ne4+
65.Nxe4 a2 66.Nc5 Bd5 67.Rf1 Kb4 68.Nd3+ Ka3 69.Ra1 Bf7 70.Nc1  1-0

[Event "XIV Vasconcellos Mem"]
[Site "Brasilia BRA"]
[Date "2010.03.11"]
[Round "5"]
[White "Rodi,L"]
[Black "Hobaica,J"]
[Result "0-1"]
[WhiteElo "2311"]
[BlackElo "2405"]

1.e4 c5 2.Nc3 e6 3.Nf3 a6 4.d4 cxd4 5.Nxd4 d6 6.Be3 Nf6 7.f3 Be7 8.Qd2 Nc6
9.O-O-O O-O 10.g4 Nd7 11.h4 Nde5 12.Be2 Nxd4 13.Qxd4 b5 14.f4 Nc6 15.Qb6 Bd7
16.Qxd8 Nxd8 17.Bf3 Bc6 18.f5 Re8 19.Bg5 f6 20.Bf4 b4 21.Ne2 e5 22.Be3 Nb7
23.Kb1 Nc5 24.Ng3 h6 25.Bxc5 dxc5 26.Be2 a5 27.Bc4+ Kh8 28.Rd2 Rad8 29.Rhd1 Rd4
30.Be2 h5 31.gxh5 Red8 32.Kc1 Ba4 33.Bf3 c4 34.Rxd4 exd4 35.b3 Bb5 36.Ne2 d3
37.Nf4 Bc5 38.Nd5 dxc2 39.Kxc2 a4 40.bxc4 Bxc4 41.Kb1 b3 42.axb3 Bxb3 43.Rc1 Ba3
44.Rc6 Rb8 45.Nb6 Rd8 46.Nd5 Bd6 47.Kb2 Kh7 48.Be2 Rb8 49.Nb6 Be7 50.Kc3 Bd8
51.Nc4 Be7 52.Nb6 Bd8 53.Nc4 Rb7 54.Bd3 Bc7 55.Bc2 Bg3 56.Na5 Be1+ 57.Kd3 Bxa5
58.h6  0-1

[Event "JNBS UWI Masters"]
[Site "Kingston JAM"]
[Date "2010.03.19"]
[Round "6"]
[White "Joseph,M"]
[Black "Hammar,B"]
[Result "1-0"]
[WhiteElo "2166"]
[BlackElo "2264"]

1.e4 c5 2.Nf3 e6 3.d4 cxd4 4.Nxd4 a6 5.Nc3 Nc6 6.Nxc6 bxc6 7.Bd3 d5 8.O-O Nf6
9.Re1 d4 10.e5 dxc3 11.exf6 Qxf6 12.bxc3 Bc5 13.Be3 Bxe3 14.Rxe3 Bd7 15.Rb1 g6
16.Rb7 Bc8 17.Rf3 Qxf3 18.Qxf3 Bxb7 19.h4 Ke7 20.Qf4 Rab8 21.Qg5+ f6 22.Qc5+ Kd7
23.h5 gxh5 24.Qxh5 Rbf8 25.Bc4 Bc8 26.Qc5 Rhg8 27.Qa7+ Kd6 28.Qxh7 Rg5 29.Qd3+ Ke7
30.g3 a5 31.Qe3 Bd7 32.f4 Rh5 33.Be2 Rh7 34.Qc5+ Ke8 35.Bh5+  1-0

[Event "TCh-AUT 2009-10"]
[Site "Baden AUT"]
[Date "2010.03.20"]
[Round "11"]
[White "Haas,B"]
[Black "Schiestl,J"]
[Result "0-1"]
[WhiteElo "1995"]
[BlackElo "2118"]

1.e4 c5 2.Nf3 e6 3.d4 cxd4 4.Nxd4 a6 5.Nc3 Qc7 6.g3 Bb4 7.Qd3 Nf6 8.Bg2 Nc6
9.O-O O-O 10.Nxc6 dxc6 11.Rd1 e5 12.Be3 Ng4 13.Bg5 Be6 14.h3 Nf6 15.Bxf6 gxf6
16.Qf3 Qe7 17.Ne2 Rad8 18.g4 Rxd1+ 19.Rxd1 Rd8 20.Ng3 Bd2 21.h4 Kg7 22.Nh5+ Kg6
23.Qe2 Ba5 24.f4 Rxd1+ 25.Qxd1 exf4 26.Nxf4+ Kg7 27.Nh5+ Kf8 28.c3 Qc5+ 29.Kh1 Qe5
30.Bf3 Bc7 31.Qd2 Bxa2 32.g5 fxg5 33.hxg5 Qd6 34.Qc2 Bb3 35.Qe2 Bd1  0-1

[Event "TCh-FIN 2009-10"]
[Site "Finland FIN"]
[Date "2010.03.20"]
[Round "8"]
[White "Kokkila,T"]
[Black "Virtanen,A"]
[Result "1-0"]
[WhiteElo "2342"]
[BlackElo "2335"]

1.e4 c5 2.Nf3 e6 3.d4 cxd4 4.Nxd4 a6 5.Nc3 b5 6.Bd3 Bb7 7.Qe2 Nc6 8.Nxc6 Bxc6
9.O-O Bc5 10.a4 b4 11.Nd5 Ne7 12.Be3 Bxe3 13.Nxe3 O-O 14.e5 Qc7 15.Nc4 f6
16.Rfe1 Nd5 17.Qh5 f5 18.Qh4 Qa7 19.Nd6 Qc5 20.Qc4 Qb6 21.a5 Qd8 22.Be2 g5
23.Bf3 g4 24.Bxd5 Bxd5 25.Qf4 Kg7 26.Red1 Kg6 27.Rd4 b3 28.c4 Bc6 29.Ra3 Rb8
30.Rd3 Rb4 31.Qd2 Qb8 32.h4 h6 33.Kh2 Rg8 34.Rg3 Rg7 35.f3 Qd8 36.fxg4 Kh7
37.g5 Rb8 38.Qf4 hxg5 39.hxg5 Kg6 40.Rh3 Rg8 41.Rh6+ Kg7 42.Rh7+ Kg6 43.Rh6+ Kg7
44.Qh4 Rh8 45.Qh5  1-0

[Event "JNBS UWI Masters"]
[Site "Kingston JAM"]
[Date "2010.03.20"]
[Round "7"]
[White "Hammar,B"]
[Black "Matthews,S"]
[Result "0-1"]
[WhiteElo "2264"]
[BlackElo "2203"]

1.e4 c5 2.Nf3 e6 3.d4 cxd4 4.Nxd4 a6 5.Nc3 b5 6.Bd3 Qb6 7.Nb3 Bb7 8.a4 b4
9.a5 Qc7 10.Na4 Nf6 11.Nb6 Nxe4 12.Nxa8 Bxa8 13.Be3 f5 14.Qe2 Be7 15.Bb6 Qf4
16.Bxe4 Bxe4 17.f3 Bd5 18.Qe3 Qh4+ 19.g3 Qh5 20.O-O O-O 21.f4 Rc8 22.Rf2 Rc4
23.Nd4 d6 24.Qe2 Qh3 25.Rd1 Nd7 26.b3 Rc3 27.Rd3 Rxd3 28.Qxd3 h5 29.Qf1 Qg4
30.Qe2 Qg6 31.Qxa6 h4 32.Qd3 Be4 33.Qe3 Nf6 34.Rg2 Nd5 35.Qf2 h3 36.Nb5 hxg2
37.a6 Qg4 38.Qe1 Nxb6  0-1

[Event "TCh-SUI 2010"]
[Site "Switzerland SUI"]
[Date "2010.03.21"]
[Round "2.8"]
[White "De Seroux,C"]
[Black "Friedrich,N"]
[Result "0-1"]
[WhiteElo "2007"]
[BlackElo "2300"]

1.e4 c5 2.Nf3 e6 3.d4 cxd4 4.Nxd4 a6 5.Nc3 Qc7 6.Be3 Nf6 7.f3 Bb4 8.Qd2 d5
9.e5 Qxe5 10.a3 Be7 11.O-O-O Qc7 12.Nb3 Nbd7 13.g4 Nc5 14.Nxc5 Bxc5 15.g5 Nd7
16.Bd4 O-O 17.h4 f5 18.gxf6 Bxd4 19.Qxd4 Rxf6 20.Bh3 Qe5 21.Qd2 Nf8 22.Kb1 Bd7
23.Bg4 Rc8 24.h5 h6 25.Qd3 Kh8 26.Rhg1 Qc7 27.Rd2 Qc4 28.Qe3 Qc5 29.Qe1 Rf7
30.Rdg2 b5 31.Bh3 Qd4 32.Rg4 Qf6 33.R4g3 Rc4 34.Bf1 Rh4 35.Bd3 Rxh5 36.Qf2 Rh4
37.Qc5 Rf4 38.Be2 Qd4 39.Qd6 Bc8 40.Qd8 Qc5 41.Rh1 Qc7 42.Qg5 R7f5 43.Rxh6+ Kg8  0-1

[Event "TCh-AUT 2009-10"]
[Site "Baden AUT"]
[Date "2010.03.27"]
[Round "8"]
[White "Mihok,O"]
[Black "Bezold,M"]
[Result "1/2-1/2"]
[WhiteElo "2398"]
[BlackElo "2517"]

1.e4 c5 2.Nf3 e6 3.d4 cxd4 4.Nxd4 a6 5.Nc3 Ne7 6.Be3 Nbc6 7.Nb3 b5 8.f4 d6
9.Be2 Ng6 10.g3 Be7 11.Bf3 O-O 12.h4 Re8 13.h5 Nf8 14.h6 g6 15.e5 d5 16.a4 b4
17.Ne2 Nd7 18.Ned4 Ncxe5 19.fxe5 Nxe5 20.Bg2 Nc4 21.Bf2 Qc7 22.Ne2 Bb7 23.O-O Bg5
24.Nc5 Ne3 25.Qd4 e5 26.Qxb4 Bc6 27.Bxe3 Bxe3+ 28.Kh2 a5 29.Qa3 Bxh6 30.Rad1 Rad8
31.Nd3 Bf8 32.Qc3 Bg7 33.Nf2 Qb6 34.b3 Bb7 35.Qd2  1/2-1/2

[Event "Easter Open"]
[Site "Medellin COL"]
[Date "2010.03.31"]
[Round "1"]
[White "Marin,D"]
[Black "Tovio,I"]
[Result "0-1"]
[WhiteElo "1919"]
[BlackElo "2290"]

1.e4 c5 2.Nc3 a6 3.Nf3 e6 4.d4 cxd4 5.Nxd4 Qc7 6.Be2 Nf6 7.a3 Nc6 8.O-O Nxd4
9.Qxd4 Bc5 10.Qd3 b5 11.Be3 Bxe3 12.Qxe3 Bb7 13.f4 O-O 14.e5 Nd5 15.Nxd5 Bxd5
16.c3 d6 17.exd6 Qxd6 18.Rad1 Qc6 19.Bf3 Rfd8 20.Rd4 Bxf3 21.Rxf3 Rd5 22.Qd2 Qc5
23.Rd3 Rad8 24.Kf2 Rxd4 25.Rxd4 Rxd4 26.Qxd4 Qxd4+ 27.cxd4 Kf8 28.Ke3 Ke7
29.Ke4 Kd6 30.g4 f6 31.h4 Kc6 32.h5 Kd6 33.f5 exf5+ 34.Kxf5 Kd5 35.h6 gxh6
36.Kxf6 Kxd4 37.Kg7 Ke4 38.Kxh6 Kf4 39.Kh5 h6 40.Kh4 Kf3 41.Kh3 Kf2 42.Kh4 Kg2
43.b3 Kf3 44.Kh3 Kf2 45.a4 b4 46.a5 Kf3 47.Kh4 Kg2 48.g5 hxg5+ 49.Kxg5 Kf3
50.Kf5 Ke3 51.Ke5 Kd3 52.Kd5 Kc3 53.Kc5 Kxb3 54.Kb6 Ka4 55.Kxa6 b3 56.Kb6 b2
57.a6 b1=Q+  0-1

[Event "21st Pobeskydi TS Cup"]
[Site "Frydek-Mistek CZE"]
[Date "2010.04.01"]
[Round "1"]
[White "Kuchynka,Luk"]
[Black "Szwed,J"]
[Result "1/2-1/2"]
[WhiteElo "2317"]
[BlackElo "2259"]

1.e4 c5 2.Nf3 e6 3.d4 cxd4 4.Nxd4 a6 5.Nc3 b5 6.Bd3 Qb6 7.Nb3 Qc7 8.O-O Bb7
9.Qe2 d6 10.a3 Nd7 11.f4 Ngf6 12.Bd2 Nc5 13.Nd4 Nfd7 14.b4 Nxd3 15.cxd3 Rc8
16.Rac1 Qb8 17.f5 e5 18.Nb3 Be7 19.Na5 O-O 20.Nxb7 Qxb7 21.Qg4 Nf6 22.Qf3 Nd7
23.g4 f6  1/2-1/2

[Event "21st Pobeskydi TS Cup"]
[Site "Frydek-Mistek CZE"]
[Date "2010.04.01"]
[Round "2"]
[White "Matuszewski,M"]
[Black "Szwed,J"]
[Result "1-0"]
[WhiteElo "2283"]
[BlackElo "2259"]

1.e4 c5 2.Nf3 e6 3.d4 cxd4 4.Nxd4 a6 5.Nc3 d6 6.Be3 b5 7.Qd2 Bb7 8.f3 Nd7
9.O-O-O Ngf6 10.Nb3 b4 11.Na4 Rc8 12.Qxb4 Bc6 13.Qa3 e5 14.Nc3 d5 15.Qxa6 Bb7
16.Qa4 d4 17.Nxd4 exd4 18.Bxd4 Ra8 19.Qb3 Ba6 20.e5 Nh5 21.e6 fxe6 22.Qxe6+ Be7
23.Bxa6 Nf4 24.Qe4  1-0

[Event "Easter Open"]
[Site "Medellin COL"]
[Date "2010.04.01"]
[Round "3"]
[White "Ordonez,F"]
[Black "Romero Echeverria,A"]
[Result "0-1"]
[WhiteElo "2232"]
[BlackElo "2048"]

1.e4 c5 2.Nf3 e6 3.d4 cxd4 4.Nxd4 a6 5.Nc3 b5 6.a3 Bb7 7.Be3 Qc7 8.Qd2 Nf6
9.f3 Nc6 10.Be2 Rc8 11.O-O Nxd4 12.Bxd4 Bc5 13.Rad1 O-O 14.Qe3 d5 15.Bxc5 Qxc5
16.Qxc5 Rxc5 17.exd5 Nxd5 18.Nxd5 Bxd5 19.c3 g6 20.Kf2 Rfc8 21.Rd4 Kg7 22.Rfd1 a5
23.R1d2 Rb8 24.Ke3 h5 25.a4 bxa4 26.Rxa4 Bb3 27.Ra1 a4 28.Rd4 e5 29.Rd2 Rc6
30.Bd3 Rcb6 31.Rf2 f5 32.g3 Kf6 33.Rd2 g5 34.Ke2 h4 35.Ra3 hxg3 36.hxg3 Rh8
37.Kf1 g4 38.Rxb3 Rxb3 39.fxg4 e4 40.Bc4 Rb6 41.gxf5 Kxf5 42.Be2 Ke5 43.Bd1 e3
44.Rd7 Rxb2 45.Kg1 a3 46.Re7+ Kd6 47.Ra7 a2 48.Ra6+ Kc7  0-1